| 000 | 00469nam a2200145Ia 4500 | ||
|---|---|---|---|
| 008 | 231129s1999||||xx |||||||||||||| ||spa|| | ||
| 020 | _a958-96345-7-5 | ||
| 040 | _bspa | ||
| 082 | _a986.1352 J37m | ||
| 100 | _aJaramillo Montoya Gilberto | ||
| 245 | 0 | _aManizales de mi niñez 1907-1925 | |
| 260 | _c1999 | ||
| 264 | _aManizales Colombia : Alcaldía de Manizales e Instituto Caldense de Cultura; Manigraf | ||
| 942 |
_2ddc _cBKS |
||
| 999 |
_c20296 _d20296 |
||